书目信息 |
| 题名: |
劳动合同法
|
|
| 作者: | 张世亮 , 丁小团 编著 | |
| 分册: | ||
| 出版信息: | 北京 中国社会出版社 2008.01 |
|
| 页数: | 200页 | |
| 开本: | 21cm | |
| 丛书名: | 以案说法丛书 | |
| 单 册: | ||
| 中图分类: | D922.525 | |
| 科图分类: | ||
| 主题词: | 劳动合同法--lao dong he tong fa--案例--分析--中国 | |
| 电子资源: | ||
| ISBN: | 978-7-5087-1969-6 | |
| 000 | 00993nam 2200265 450 | |
| 001 | 012008851894 | |
| 005 | 20080702145825.95 | |
| 010 | @a978-7-5087-1969-6@dCNY12.00 | |
| 100 | @a20080702d2008 em y0chi0120 ea | |
| 101 | 0 | @achi |
| 102 | @aCN@b110000 | |
| 105 | @ay z 000yy | |
| 106 | @ar | |
| 200 | 1 | @a劳动合同法@Alao dong he tong fa@f张世亮, 丁小团编著@Fzhang shi liang,ding xiao tuan bian zhu |
| 210 | @a北京@c中国社会出版社@d2008.01 | |
| 215 | @a200页@d21cm | |
| 225 | 2 | @a以案说法丛书@Ayi an shuo fa cong shu |
| 330 | @a该书以问答的形式,结合法律案例,直观易懂地解读劳动合同法里面的内容。具体内容包括:总则、劳动合同的订立、履行、变更、解除、终止、特别规定、监督检查、法律责任和附则等。 | |
| 410 | 0 | @12001 @a以案说法丛书 |
| 606 | 0 | @a劳动合同法@Alao dong he tong fa@x案例@x分析@y中国 |
| 690 | @aD922.525@v4 | |
| 701 | 0 | @a张世亮@Azhang shi liang@4编著 |
| 701 | 0 | @a丁小团@Ading xiao tuan@4编著 |
| 801 | 0 | @aCN@bQSSK@c20080702 |
| 905 | @b730885-87@dD922.525@eZ173@f3 | |
| 劳动合同法/张世亮, 丁小团编著.-北京:中国社会出版社,2008.01 |
| 200页;21cm.-(以案说法丛书) |
| ISBN 978-7-5087-1969-6:CNY12.00 |
| 该书以问答的形式,结合法律案例,直观易懂地解读劳动合同法里面的内容。具体内容包括:总则、劳动合同的订立、履行、变更、解除、终止、特别规定、监督检查、法律责任和附则等。 |
| ● |
| 相关链接 |
|
|
|
正题名:劳动合同法
索取号:D922.525/Z173
 
预约/预借
| 序号 | 登录号 | 条形码 | 馆藏地/架位号 | 状态 | 备注 |
| 1 | 730885 | 207308858 | 社科库509/509社科库 89排8列3层/ [索取号:D922.525/Z173] | 在馆 | |
| 2 | 730886 | 207308867 | 社科库509/509社科库 89排8列3层/ [索取号:D922.525/Z173] | 在馆 | |
| 3 | 730887 | 207308876 | 社科库509/509社科库 89排8列3层/ [索取号:D922.525/Z173] | 在馆 |